[Event "GER-ch U18 sf Berlin Online"]
[Site "Playchess.com INT"]
[Date "2020.05.01"]
[Round "3"]
[White "Eulenstein, Conrad"]
[Black "Kwech, Martin"]
[Result "1-0"]
[WhiteElo "1620"]
[BlackElo "1375"]
[PlyCount "45"]
[EventDate "2020.05.01"]
[EventType "swiss (blitz)"]
[EventRounds "13"]
[EventCountry "GER"]
[SourceTitle "CBM 195 Extra"]
[Source "ChessBase"]
[SourceDate "2020.05.31"]
[SourceVersion "1"]
[SourceVersionDate "2020.05.31"]
[SourceQuality "1"]

1. e4 c5 2. Nf3 d6 3. d4 cxd4 4. Bc4 Nf6 5. Qe2 e6 6. 0-0 Nc6 7. Rd1 e5 8. h3 Be7 9. c3 Qb6 10. Bb3 dxc3 11. Nxc3 0-0 12. Be3 Qc7 13. Nb5 Qd8 14. Rac1 a6 15. Nc3 Re8 16. Ba4 b5 17. Bb3 Bf8 18. Nd5 Bb7 19. Bb6 Qd7 20. Nxf6+ gxf6 21. Nh4 Be7 22. Nf5 Bd8 23. Qg4+ 1-0

[Event "GER-ch U18 sf Berlin Online"]
[Site "Playchess.com INT"]
[Date "2020.05.01"]
[Round "11"]
[White "Eulenstein, Conrad"]
[Black "Stein, Theodor"]
[Result "1-0"]
[WhiteElo "1620"]
[BlackElo "1488"]
[PlyCount "111"]
[EventDate "2020.05.01"]
[EventType "swiss (blitz)"]
[EventRounds "13"]
[EventCountry "GER"]
[SourceTitle "CBM 195 Extra"]
[Source "ChessBase"]
[SourceDate "2020.05.31"]
[SourceVersion "1"]
[SourceVersionDate "2020.05.31"]
[SourceQuality "1"]

1. e4 e5 2. Nf3 Nc6 3. Bc4 Nf6 4. d3 Bc5 5. c3 0-0 6. 0-0 a6 7. Bg5 b5 8. Bb3 d6 9. Re1 Bg4 10. Nbd2 a5 11. h3 Bxf3 12. Nxf3 b4 13. d4 exd4 14. cxd4 Bb6 15. Rc1 Qd7 16. Bxf6 gxf6 17. d5 Ne5 18. Nxe5 fxe5 19. g4 Rac8 20. Ba4 Qe7 21. Bc6 Qf6 22. Qe2 Qg6 23. Qf3 Kh8 24. Kg2 Rg8 25. Kf1 Rcf8 26. Bd7 Rd8 27. Bf5 Qf6 28. Qe2 Qg5 29. Qf3 Qf6 30. Ke2 Rb8 31. Rh1 Qg5 32. h4 Qf6 33. g5 Qd8 34. Qh5 Rg7 35. Rhg1 Qg8 36. Qg4 Rg6 37. Bxg6 Qxg6 38. Qf3 Rg8 39. Qf6+ Qxf6 40. gxf6 Rxg1 41. Rxg1 Bc5 42. Rg7 Bb6 43. Rxf7 Kg8 44. Rg7+ Kf8 45. Rxh7 Kg8 46. f7+ Kf8 47. h5 Bc5 48. h6 Bb6 49. Rg7 Bc5 50. Rg3 Kxf7 51. h7 Bxf2 52. Kxf2 Ke7 53. h8Q c5 54. Qg7+ Kd8 55. Qf7 Kc8 56. Rg8# 1-0

[Event "GER-ch U18 sf Berlin Online"]
[Site "Playchess.com INT"]
[Date "2020.05.01"]
[Round "6"]
[White "Mueller, Anker"]
[Black "Eulenstein, Conrad"]
[Result "0-1"]
[WhiteElo "1364"]
[BlackElo "1620"]
[PlyCount "72"]
[EventDate "2020.05.01"]
[EventType "swiss (blitz)"]
[EventRounds "13"]
[EventCountry "GER"]
[SourceTitle "CBM 195 Extra"]
[Source "ChessBase"]
[SourceDate "2020.05.31"]
[SourceVersion "1"]
[SourceVersionDate "2020.05.31"]
[SourceQuality "1"]

1. e4 e5 2. Nf3 Nc6 3. d4 exd4 4. Bc4 Bc5 5. c3 d5 6. Bxd5 dxc3 7. Nxc3 Nge7 8. Ng5 0-0 9. Qf3 Nxd5 10. Nxd5 Nd4 11. Qc3 Qd6 12. Bf4 Qc6 13. b4 Bxb4 14. Qxb4 Nc2+ 15. Ke2 Qa6+ 16. Kf3 Nxb4 17. Nxc7 Qa3+ 18. Be3 Rb8 19. Rhb1 Nc6 20. Rb3 Qd6 21. Nb5 Qf6+ 22. Kg3 Qxa1 23. Nxa7 Nxa7 24. Bxa7 Ra8 25. Bc5 Re8 26. Rf3 Qe5+ 27. Rf4 Qxg5+ 28. Rg4 Qxc5 29. Rxg7+ Kh8 30. e5 Kxg7 31. e6 Qe5+ 32. f4 Qxe6 33. h4 Qe3+ 34. Kh2 Rxa2 35. f5 Qf4+ 36. Kh1 Re1# 0-1

[Event "GER-ch U18 sf Berlin Online"]
[Site "Playchess.com INT"]
[Date "2020.05.01"]
[Round "5"]
[White "Schroeder, Jan Hendrik"]
[Black "Eulenstein, Conrad"]
[Result "0-1"]
[WhiteElo "1533"]
[BlackElo "1620"]
[PlyCount "70"]
[EventDate "2020.05.01"]
[EventType "swiss (blitz)"]
[EventRounds "13"]
[EventCountry "GER"]
[SourceTitle "CBM 195 Extra"]
[Source "ChessBase"]
[SourceDate "2020.05.31"]
[SourceVersion "1"]
[SourceVersionDate "2020.05.31"]
[SourceQuality "1"]

1. e4 e5 2. d4 exd4 3. Nf3 Nc6 4. Bc4 Bc5 5. 0-0 Nge7 6. c3 dxc3 7. Nxc3 0-0 8. Qb3 Na5 9. Qa4 Nxc4 10. Qxc4 Bb6 11. Bg5 d6 12. Rad1 Be6 13. Nd5 Bxd5 14. exd5 h6 15. Bh4 Qd7 16. Rfe1 Nf5 17. Bg3 Nxg3 18. hxg3 Rfe8 19. Kh2 Bxf2 20. Rh1 Qe7 21. Rd2 Bb6 22. Re1 Qd7 23. Rh1 Qf5 24. Nh4 Qd7 25. Rf1 Qe7 26. Rd3 Qd7 27. Rdf3 Rf8 28. Qf4 Rae8 29. Ng6 fxg6 30. Qxf8+ Rxf8 31. Rxf8+ Kh7 32. Ra8 g5 33. Rff8 Qg4 34. Rh8+ Kg6 35. Rag8 Qh5# 0-1

[Event "GER-ch U18 sf Berlin Online"]
[Site "Playchess.com INT"]
[Date "2020.05.01"]
[Round "1"]
[White "Spitzl, Vinzent"]
[Black "Eulenstein, Conrad"]
[Result "1-0"]
[WhiteElo "2063"]
[BlackElo "1620"]
[PlyCount "59"]
[EventDate "2020.05.01"]
[EventType "swiss (blitz)"]
[EventRounds "13"]
[EventCountry "GER"]
[SourceTitle "CBM 195 Extra"]
[Source "ChessBase"]
[SourceDate "2020.05.31"]
[SourceVersion "1"]
[SourceVersionDate "2020.05.31"]
[SourceQuality "1"]

1. e4 e5 2. Nf3 Nc6 3. Bb5 Bc5 4. c3 Nf6 5. 0-0 d6 6. d4 exd4 7. cxd4 Bb6 8. d5 Bd7 9. dxc6 bxc6 10. Bc4 0-0 11. Nc3 Re8 12. Bg5 h6 13. Bh4 Bg4 14. Qd3 Qe7 15. Rfe1 Bxf3 16. Qxf3 Rad8 17. Bxf6 gxf6 18. Re2 Qe5 19. Qg3+ Kf8 20. Qxe5 fxe5 21. Rd1 Bd4 22. Red2 Rb8 23. Bb3 Ke7 24. Kf1 Rg8 25. Ne2 Bb6 26. Ng3 Kf6 27. Nf5 Rg6 28. h4 Rbg8 29. Rxd6+ cxd6 30. Rxd6# 1-0